Predstavujeme Základnú umeleckú školu v Šahách

Bibliographic Details
Format: Article
Language:Slovak
PhysicalDescription:Fotogr.
ISSN:1336-3697
Subjects:

MARC

LEADER 00000nab a2200000 a 4500
001 vtls009294935
003 SK-MaSNL
005 20260303231051.0
008 080516 2008 xo w 000 0 slo
038 |a LVTK 
040 |a LVTK  |b slo  |e AACR2  |c LVTK 
041 1 |a slo 
044 |a xo  |c SK 
080 |a 373/378:7  |2 2001 
245 0 0 |a Predstavujeme Základnú umeleckú školu v Šahách  |c [autor] (ZUŠ) 
300 |b Fotogr. 
610 2 7 |a Základná umelecká škola (Šahy, Slovensko)  |2 lvtk  |9 476605 
650 0 7 |a umelecké školy  |2 snkph  |9 29319 
650 0 7 |a prezentácia  |2 lvtk  |9 428364 
651 7 |a Šahy (Slovensko)  |2 snkph  |9 58701 
773 1 |t MY Nitrianske noviny  |g Roč. 17, č. 16 (2008), s. 10  |x 1336-3697 
852 |a LVTK  |b KIS3GCP 
999 |c 2265030  |d 2266960